[Event "Pindamonhangaba op 7th"]
[Site "Pindamonhangaba"]
[Date "2023.03.25"]
[Round "2"]
[White "De Oliveira, Carlos Frederico B"]
[Black "Rodi, Luis Ernesto"]
[Result "0-1"]
[WhiteElo "1596"]
[BlackElo "2295"]
[PlyCount "62"]
[EventDate "2023.03.24"]
[EventType "swiss"]
[EventRounds "5"]
[EventCountry "BRA"]
[SourceTitle "CBM 213 Extra"]
[Source "ChessBase"]
[SourceDate "2023.05.31"]
[SourceVersion "1"]
[SourceVersionDate "2023.05.31"]
[SourceQuality "1"]

1. c4 f5 2. d4 Nf6 3. Nc3 d6 4. Bf4 g6 5. h3 Bg7 6. Nf3 c6 7. e3 0-0 8. Bd3 Qe8 9. 0-0 Na6 10. a3 Nh5 11. Bh2 e5 12. dxe5 dxe5 13. Be2 Qe7 14. Qc2 f4 15. e4 Nc5 16. b4 Ne6 17. Rad1 Bf6 18. Rd2 Nhg7 19. Rfd1 g5 20. c5 h5 21. Bc4 Kh8 22. g4 Nd4 23. Nxd4 exd4 24. Ne2 hxg4 25. hxg4 Bxg4 26. Nxd4 Rad8 27. Kg2 Bxd4 28. Rxd4 Bxd1 29. Qxd1 Rxd4 30. Qxd4 Rd8 31. Qc3 Qxe4+ 0-1

[Event "Florianopolis op 09"]
[Site "Florianopolis"]
[Date "2021.09.25"]
[Round "2"]
[White "Florianovitz, Derlei Alex"]
[Black "De Oliveira, Carlos Frederico B"]
[Result "1-0"]
[WhiteElo "2055"]
[BlackElo "1618"]
[PlyCount "57"]
[EventDate "2021.09.24"]
[EventType "swiss"]
[EventRounds "6"]
[EventCountry "BRA"]
[SourceTitle "EXT 2023"]
[Source "ChessBase"]
[SourceDate "2022.10.05"]
[SourceVersion "1"]
[SourceVersionDate "2022.10.05"]
[SourceQuality "1"]

1. e4 d5 2. exd5 Qxd5 3. Nc3 Qa5 4. Nf3 Bg4 5. d4 c6 6. Be2 Nf6 7. 0-0 e6 8. Bf4 Be7 9. Ne5 Bxe2 10. Qxe2 0-0 11. a3 Nbd7 12. Rad1 Rad8 13. Rfe1 Nxe5 14. Bxe5 a6 15. Qf3 Nd7 16. Bg3 Nf6 17. Re5 Nd5 18. b4 Qb6 19. Na4 Qb5 20. Qb3 c5 21. c4 Qc6 22. cxd5 Rxd5 23. bxc5 Rfd8 24. Rxd5 Rxd5 25. Nb6 Rd8 26. Nc4 Bxc5 27. dxc5 Rxd1+ 28. Qxd1 Qxc5 29. Qd8+ 1-0

[Event "Timbo op"]
[Site "Timbo"]
[Date "2021.06.12"]
[Round "3"]
[White "De Oliveira, Carlos Frederico B"]
[Black "Steuck, Camilli"]
[Result "1-0"]
[WhiteElo "1617"]
[BlackElo "1264"]
[PlyCount "91"]
[EventDate "2021.06.11"]
[EventType "swiss"]
[EventRounds "6"]
[EventCountry "BRA"]
[SourceTitle "EXT 2022"]
[Source "ChessBase"]
[SourceDate "2021.10.06"]
[SourceVersion "1"]
[SourceVersionDate "2021.10.06"]
[SourceQuality "1"]

1. c4 e5 2. Nc3 Nf6 3. g3 c6 4. Bg2 Bc5 5. d3 d6 6. Nf3 Nbd7 7. 0-0 0-0 8. Na4 Bb4 9. a3 Ba5 10. b4 Bc7 11. Bb2 Re8 12. Nc3 Nf8 13. Qc2 Bf5 14. Nh4 Bd7 15. Rac1 Rc8 16. a4 a5 17. b5 Ne6 18. e3 Bb8 19. Qd2 Nc5 20. Qd1 Ne6 21. Ba3 Nf8 22. Qd2 Be6 23. Nf3 Ng6 24. Ng5 Bd7 25. Rfd1 h6 26. Nf3 Be6 27. Rb1 d5 28. cxd5 cxd5 29. d4 e4 30. Ne1 Nd7 31. Rdc1 Nb6 32. Bf1 Nc4 33. Bxc4 Rxc4 34. b6 Rc6 35. Bc5 Bd6 36. Nb5 Bxc5 37. dxc5 Qe7 38. Nc7 Rxc7 39. bxc7 Qxc7 40. Rb6 Ra8 41. Qb2 Ra7 42. Qd4 Ne5 43. Rcb1 Nc4 44. R6b3 Qc6 45. Ra1 Kh7 46. Rb5 1-0

[Event "Timbo op"]
[Site "Timbo"]
[Date "2021.06.11"]
[Round "1"]
[White "De Oliveira, Carlos Frederico B"]
[Black "Guidini, Marcelo Neri"]
[Result "1-0"]
[WhiteElo "1617"]
[BlackElo "2019"]
[PlyCount "133"]
[EventDate "2021.06.11"]
[EventType "swiss"]
[EventRounds "6"]
[EventCountry "BRA"]
[SourceTitle "EXT 2022"]
[Source "ChessBase"]
[SourceDate "2021.10.06"]
[SourceVersion "1"]
[SourceVersionDate "2021.10.06"]
[SourceQuality "1"]

1. c4 e6 2. d4 h6 3. Nf3 Bb4+ 4. Nc3 Nf6 5. Qc2 c6 6. g3 d5 7. c5 Ne4 8. Bg2 Qa5 9. Bd2 Nxd2 10. Qxd2 Bxc3 11. bxc3 Nd7 12. 0-0 Qc7 13. Qc2 b6 14. cxb6 axb6 15. a4 0-0 16. Rfc1 Ba6 17. Nd2 Bxe2 18. c4 Bg4 19. cxd5 exd5 20. Qxc6 Qxc6 21. Rxc6 Be6 22. Rd6 Ra5 23. Nb3 Ra7 24. Bxd5 Bxd5 25. Rxd5 Nf6 26. Rb5 Ra6 27. Nd2 Rd8 28. Nf3 Ne4 29. Rb3 Rb8 30. Kg2 Rba8 31. Rab1 Rxa4 32. Rxb6 Ra2 33. R1b2 R2a5 34. Rb8+ Rxb8 35. Rxb8+ Kh7 36. Re8 f5 37. Re5 Ra2 38. Rxf5 Rxf2+ 39. Kg1 Rc2 40. Re5 Nf6 41. Re1 Rc3 42. Ne5 Rc2 43. Rd1 Nd5 44. Re1 Rd2 45. Nf3 Rd3 46. Kf2 Rb3 47. Re2 g5 48. Rc2 g4 49. Nh4 Rd3 50. Ra2 Rxd4 51. Ra7+ Kg8 52. Nf5 Rd2+ 53. Kg1 Nc3 54. Nxh6+ Kf8 55. Nxg4 Ne2+ 56. Kf2 Nc1+ 57. Ke3 Re2+ 58. Kf4 Nd3+ 59. Kg5 Nc5 60. h4 Ne4+ 61. Kf4 Nd6 62. Kf3 Re1 63. h5 Nf5 64. h6 Nxh6 65. Nxh6 Rf1+ 66. Kg4 Re1 67. Kg5 1-0

[Event "Araruama op 1st"]
[Site "Araruama"]
[Date "2021.06.04"]
[Round "2"]
[White "De Oliveira, Carlos Frederico B"]
[Black "Da Matta, Eduardo Cesar"]
[Result "1/2-1/2"]
[WhiteElo "1617"]
[BlackElo "2018"]
[PlyCount "79"]
[EventDate "2021.06.02"]
[EventType "tourn"]
[EventRounds "6"]
[EventCountry "BRA"]
[SourceTitle "CBM 203 Extra"]
[Source "ChessBase"]
[SourceDate "2021.09.30"]
[SourceVersion "1"]
[SourceVersionDate "2021.09.30"]
[SourceQuality "1"]

1. c4 c5 2. Nc3 Nc6 3. g3 g6 4. Bg2 Bg7 5. Nf3 d6 6. 0-0 e5 7. a3 a5 8. d3 Nge7 9. Re1 0-0 10. e3 h6 11. Nb5 Be6 12. Qc2 Rc8 13. Bd2 d5 14. cxd5 Nxd5 15. Nc3 Nde7 16. Rac1 Qd7 17. Na4 Qc7 18. Nxc5 Bg4 19. Qa4 Bxf3 20. Bxf3 Rfd8 21. Be2 b6 22. Nb3 Qb7 23. Red1 Kh7 24. Bc3 Rd7 25. Bf3 Nd5 26. Be1 Rcc7 27. Bg2 f5 28. Qb5 Na7 29. Rxc7 Qxc7 30. Qc4 Qxc4 31. dxc4 Nf6 32. Rxd7 Nxd7 33. Bc3 Nc8 34. h4 Nd6 35. c5 bxc5 36. Nxa5 Nb6 37. b4 cxb4 38. axb4 g5 39. hxg5 hxg5 40. Nc6 1/2-1/2

[Event "Varginha Mineiro-ch"]
[Site "Varginha"]
[Date "2020.09.07"]
[Round "7"]
[White "De Oliveira, Carlos Frederico B"]
[Black "Resende, Carlos Alberto Fig"]
[Result "1-0"]
[WhiteElo "1603"]
[BlackElo "1981"]
[PlyCount "51"]
[EventDate "2020.09.04"]
[EventType "swiss"]
[EventRounds "7"]
[EventCountry "BRA"]
[SourceTitle "EXT 2021"]
[Source "ChessBase"]
[SourceDate "2020.10.23"]
[SourceVersion "1"]
[SourceVersionDate "2020.10.23"]
[SourceQuality "1"]

1. e4 e5 2. Nf3 Nc6 3. Bb5 a6 4. Bxc6 dxc6 5. h3 Bd6 6. 0-0 Nf6 7. d4 Qe7 8. Bg5 h6 9. Bh4 g5 10. Bg3 Nxe4 11. Bxe5 Bxe5 12. Nxe5 Be6 13. Re1 Nf6 14. Qe2 Rg8 15. c4 g4 16. hxg4 Rd8 17. f3 h5 18. Nc3 hxg4 19. fxg4 Rxd4 20. g5 Ng4 21. Nxg4 Rxg4 22. Qxg4 Bxg4 23. Rxe7+ Kxe7 24. Re1+ Kd8 25. Ne4 b6 26. Nf6 1-0

[Event "Varginha Mineiro-ch"]
[Site "Varginha"]
[Date "2020.09.06"]
[Round "4"]
[White "De Oliveira, Carlos Frederico B"]
[Black "De Souza Neto, Antonio Martins"]
[Result "0-1"]
[WhiteElo "1603"]
[BlackElo "1892"]
[PlyCount "36"]
[EventDate "2020.09.04"]
[EventType "swiss"]
[EventRounds "7"]
[EventCountry "BRA"]
[SourceTitle "EXT 2021"]
[Source "ChessBase"]
[SourceDate "2020.10.23"]
[SourceVersion "1"]
[SourceVersionDate "2020.10.23"]
[SourceQuality "1"]

1. c4 c5 2. Nf3 Nf6 3. g3 d5 4. cxd5 Nxd5 5. Bg2 Nc6 6. Nc3 Nc7 7. 0-0 e5 8. d3 Be7 9. a3 Rb8 10. e3 Bg4 11. Qc2 0-0 12. b3 Qd7 13. Bb2 Bf5 14. Rfd1 Be6 15. Rab1 f6 16. Ba1 Rfd8 17. Ne2 Nb5 18. a4 Na3 0-1

[Event "Varginha Mineiro-ch"]
[Site "Varginha"]
[Date "2020.09.05"]
[Round "3"]
[White "Zambotti, Eduardo Lopes"]
[Black "De Oliveira, Carlos Frederico B"]
[Result "1-0"]
[WhiteElo "1879"]
[BlackElo "1603"]
[PlyCount "99"]
[EventDate "2020.09.04"]
[EventType "swiss"]
[EventRounds "7"]
[EventCountry "BRA"]
[SourceTitle "EXT 2021"]
[Source "ChessBase"]
[SourceDate "2020.10.23"]
[SourceVersion "1"]
[SourceVersionDate "2020.10.23"]
[SourceQuality "1"]

1. c4 e5 2. Nc3 d6 3. g3 f5 4. Bg2 Nf6 5. e3 Be7 6. Nge2 c6 7. d4 Be6 8. b3 Bf7 9. dxe5 dxe5 10. Qxd8+ Bxd8 11. 0-0 0-0 12. Bb2 Bc7 13. Rad1 Nbd7 14. e4 g6 15. Ba3 Rfe8 16. Bd6 Bxd6 17. Rxd6 Re6 18. Rfd1 Rxd6 19. Rxd6 Re8 20. f3 Kf8 21. exf5 gxf5 22. Bh3 Ke7 23. Rd1 Be6 24. Bg2 Rd8 25. Nc1 Nc5 26. Rxd8 Kxd8 27. Kf2 a5 28. Ke3 Ke7 29. Nd3 Nxd3 30. Kxd3 Kd6 31. a3 Bd7 32. b4 axb4 33. axb4 b5 34. cxb5 cxb5 35. Bf1 Nd5 36. Nxd5 Kxd5 37. Ke3 h5 38. Be2 Be8 39. h3 Ke6 40. f4 Kd5 41. h4 Ke6 42. fxe5 Kxe5 43. Bf3 Kf6 44. Kf4 Kg6 45. Ke5 Bf7 46. Be2 Be8 47. Bd3 Bd7 48. Bb1 Bc8 49. Bc2 Bd7 50. Bd3 1-0

[Event "Caxambu op"]
[Site "Caxambu"]
[Date "2020.03.08"]
[Round "6"]
[White "Marques, Ubiratan de Azevedo"]
[Black "De Oliveira, Carlos Frederico B"]
[Result "0-1"]
[WhiteElo "1691"]
[BlackElo "1592"]
[PlyCount "24"]
[EventDate "2020.03.06"]
[EventType "swiss"]
[EventRounds "6"]
[EventCountry "BRA"]
[SourceTitle "CBM 195 Extra"]
[Source "ChessBase"]
[SourceDate "2020.05.31"]
[SourceVersion "1"]
[SourceVersionDate "2020.05.31"]
[SourceQuality "1"]

1. d4 Nf6 2. Bf4 g6 3. Nf3 Bg7 4. c3 0-0 5. h3 d5 6. Nbd2 Nbd7 7. e3 c5 8. Ne5 Qb6 9. Qc2 Nh5 10. Nxd7 Bxd7 11. Bh2 Rac8 12. Qb3 Qxb3 0-1

[Event "Curitiba op"]
[Site "Curitiba"]
[Date "2018.02.24"]
[Round "4"]
[White "De Oliveira, Carlos Frederico B"]
[Black "Salustiano, Murilo Gimenez"]
[Result "1/2-1/2"]
[WhiteElo "1580"]
[BlackElo "1923"]
[PlyCount "34"]
[EventDate "2018.02.23"]
[EventType "swiss"]
[EventRounds "6"]
[EventCountry "BRA"]
[SourceTitle "CBM 183 Extra"]
[Source "ChessBase"]
[SourceDate "2018.04.19"]
[SourceVersion "1"]
[SourceVersionDate "2018.04.19"]
[SourceQuality "1"]

1. c4 e5 2. Nc3 Nf6 3. g3 d5 4. cxd5 Nxd5 5. Bg2 Nxc3 6. bxc3 Bd6 7. d3 0-0 8. e3 c5 9. Ne2 Qc7 10. 0-0 Nc6 11. Ba3 Be6 12. d4 cxd4 13. Bxd6 Qxd6 14. cxd4 exd4 15. Nxd4 Nxd4 16. Qxd4 Qxd4 17. exd4 Rad8 1/2-1/2

[Event "Caioba Telecom op"]
[Site "Caioba"]
[Date "2017.09.30"]
[Round "6"]
[White "De Oliveira, Carlos Frederico B"]
[Black "De Oliveira, Wesley Cassio"]
[Result "1-0"]
[WhiteElo "1594"]
[BlackElo "1773"]
[PlyCount "81"]
[EventDate "2017.09.28"]
[EventType "swiss"]
[EventRounds "8"]
[EventCountry "BRA"]
[SourceTitle "EXT 2020"]
[Source "ChessBase"]
[SourceDate "2019.10.17"]
[SourceVersion "1"]
[SourceVersionDate "2019.10.17"]
[SourceQuality "1"]

1. c4 Nf6 2. g3 g6 3. Bg2 Bg7 4. Nc3 d6 5. Nf3 Nc6 6. 0-0 0-0 7. a3 a5 8. d4 e5 9. d5 Ne7 10. e4 Bd7 11. Qd3 Qc8 12. Re1 Bh3 13. Bh1 Nd7 14. Be3 Nf6 15. b4 b6 16. Rec1 axb4 17. axb4 Rxa1 18. Rxa1 Bd7 19. Bg2 Qb7 20. h3 Ra8 21. Qd1 Rxa1 22. Qxa1 b5 23. c5 Be8 24. c6 Qc8 25. Qa5 Nxc6 26. dxc6 Bxc6 27. Nd2 Qb7 28. Kh2 Ne8 29. Bf1 f5 30. Bxb5 Bxb5 31. Qxb5 Qxb5 32. Nxb5 fxe4 33. Nxe4 d5 34. Nc5 d4 35. Bd2 Kf7 36. Na6 Nd6 37. Nxd6+ cxd6 38. b5 d5 39. b6 Bf8 40. b7 Bd6 41. Bb4 1-0

[Event "Florianopolis op 3rd"]
[Site "Florianopolis"]
[Date "2017.01.24"]
[Round "7"]
[White "De Oliveira, Carlos Frederico B"]
[Black "Resende, Lucas B Massucato"]
[Result "0-1"]
[WhiteElo "1580"]
[BlackElo "1747"]
[PlyCount "46"]
[EventDate "2017.01.20"]
[EventType "swiss"]
[EventRounds "10"]
[EventCountry "BRA"]
[SourceTitle "CBM 176 Extra"]
[Source "ChessBase"]
[SourceDate "2017.03.02"]
[SourceVersion "1"]
[SourceVersionDate "2017.03.02"]
[SourceQuality "1"]

1. c4 c5 2. Nf3 Nc6 3. g3 Nf6 4. Bg2 e6 5. 0-0 Be7 6. Nc3 0-0 7. b3 d5 8. cxd5 exd5 9. d4 Ne4 10. Bb2 Bf6 11. e3 Bg4 12. h3 Bxf3 13. Bxf3 cxd4 14. Nxe4 dxe4 15. Bxe4 dxe3 16. Bxf6 Qxf6 17. fxe3 Qe5 18. Qf3 Rad8 19. Qf5 Qxg3+ 20. Kh1 g6 21. Rg1 Qxe3 22. Rae1 Qh6 23. Rg4 Qxh3+ 0-1

[Event "Florianopolis op 3rd"]
[Site "Florianopolis"]
[Date "2017.01.21"]
[Round "3"]
[White "De Oliveira, Carlos Frederico B"]
[Black "Cordioli, Jairo Ribeiro"]
[Result "0-1"]
[WhiteElo "1580"]
[BlackElo "1895"]
[PlyCount "36"]
[EventDate "2017.01.20"]
[EventType "swiss"]
[EventRounds "10"]
[EventCountry "BRA"]
[SourceTitle "CBM 176 Extra"]
[Source "ChessBase"]
[SourceDate "2017.03.02"]
[SourceVersion "1"]
[SourceVersionDate "2017.03.02"]
[SourceQuality "1"]

1. c4 Nf6 2. Nf3 c5 3. g3 Nc6 4. Bg2 g6 5. b3 Bg7 6. Bb2 0-0 7. 0-0 d6 8. d4 cxd4 9. Nxd4 Bd7 10. Nd2 Qc8 11. Re1 Bh3 12. Bh1 Qc7 13. Nb5 Qb6 14. Nc3 Ng4 15. e3 Nge5 16. Nd5 Qd8 17. Nf3 Nxf3+ 18. Qxf3 Bxb2 0-1

[Event "Caioba Telecom op"]
[Site "Caioba"]
[Date "2016.08.27"]
[Round "4"]
[White "De Oliveira, Carlos Frederico B"]
[Black "Da Silva, Joao Carlos Orguim"]
[Result "0-1"]
[WhiteElo "1575"]
[BlackElo "1813"]
[PlyCount "142"]
[EventDate "2016.08.26"]
[EventType "swiss"]
[EventRounds "6"]
[EventCountry "BRA"]
[SourceTitle "CBM 174 Extra"]
[Source "ChessBase"]
[SourceDate "2016.10.10"]
[SourceVersion "1"]
[SourceVersionDate "2016.10.10"]
[SourceQuality "1"]

1. c4 c6 2. g3 Nf6 3. Nc3 e6 4. Bg2 d5 5. cxd5 cxd5 6. d4 Nc6 7. Nf3 Bd7 8. 0-0 a6 9. a3 Be7 10. Bd2 b5 11. b4 Rc8 12. Rc1 0-0 13. e3 Qc7 14. Ne1 Qa7 15. Nd3 Rc7 16. Nc5 Bc8 17. Ne2 Rd8 18. Qb3 Nd7 19. Rfd1 Nb6 20. Nf4 Nc4 21. Nfd3 Bf6 22. Bc3 g6 23. Ra1 Nb6 24. a4 Nxa4 25. Nxa4 bxa4 26. Qxa4 Qb6 27. Nc5 Nb8 28. Rdb1 Bd7 29. Qa2 Bb5 30. Bf1 Bxf1 31. Kxf1 Qb5+ 32. Qe2 Qxe2+ 33. Kxe2 Rdc8 34. Bd2 Rc6 35. Rc1 e5 36. Bc3 e4 37. Ra2 Be7 38. Raa1 Bxc5 39. bxc5 Rf6 40. Ba5 Nc6 41. Bc3 Ra8 42. Rab1 Re6 43. Rb6 h5 44. h4 Kf8 45. Kd2 Nd8 46. Rxe6 Nxe6 47. Ba5 Ke8 48. Rb1 Ra7 49. Bb6 Ra8 50. Ra1 Kd7 51. Kc3 Ng7 52. Kb4 Kc6 53. Ka4 Ne8 54. Rb1 Nf6 55. Ba5 Nd7 56. Rb3 Rb8 57. Bb4 Rb5 58. Bd2 Rxb3 59. Kxb3 Kb5 60. Bc3 Nb8 61. Bd2 Nc6 62. Bc3 f6 63. Bd2 g5 64. hxg5 fxg5 65. Bc3 h4 66. gxh4 gxh4 67. f4 exf3 68. Be1 h3 69. Bg3 a5 70. Kc3 a4 71. Kb2 f2 0-1

[Event "Caioba Telecom op"]
[Site "Caioba"]
[Date "2016.08.27"]
[Round "3"]
[White "Deus Filho, Joaquim"]
[Black "De Oliveira, Carlos Frederico B"]
[Result "1-0"]
[WhiteElo "1989"]
[BlackElo "1575"]
[PlyCount "56"]
[EventDate "2016.08.26"]
[EventType "swiss"]
[EventRounds "6"]
[EventCountry "BRA"]
[SourceTitle "CBM 174 Extra"]
[Source "ChessBase"]
[SourceDate "2016.10.10"]
[SourceVersion "1"]
[SourceVersionDate "2016.10.10"]
[SourceQuality "1"]

1. b3 e5 2. Bb2 d6 3. e4 Nf6 4. Nc3 g6 5. f4 Nc6 6. Bb5 Bd7 7. Nf3 Bg7 8. fxe5 Nxe5 9. Nxe5 dxe5 10. Qf3 Bxb5 11. Nxb5 a6 12. Na3 Qe7 13. Nc4 Nd7 14. 0-0 f6 15. Ba3 Qe6 16. Qf2 Bf8 17. Bxf8 Kxf8 18. Qh4 Kg7 19. Ne3 c6 20. Rf3 Raf8 21. Rg3 Kf7 22. Rf1 Ke8 23. Rgf3 b5 24. Ng4 Ke7 25. Nh6 Ke8 26. b4 Ke7 27. Ra3 Qd6 28. Rb3 c5 1-0

[Event "Cordeiropolis Freitas Levy Memorial"]
[Site "Cordeiropolis"]
[Date "2015.05.23"]
[Round "3"]
[White "Batezelli, Alessandro"]
[Black "De Oliveira, Carlos Frederico B"]
[Result "1/2-1/2"]
[WhiteElo "1923"]
[BlackElo "1527"]
[PlyCount "84"]
[EventDate "2015.05.22"]
[EventType "swiss"]
[EventRounds "6"]
[EventCountry "BRA"]
[SourceTitle "CBM 166 Extra"]
[Source "ChessBase"]
[SourceDate "2015.06.18"]
[SourceVersion "1"]
[SourceVersionDate "2015.06.18"]
[SourceQuality "1"]

1. e4 e5 2. Nc3 Nf6 3. f4 d5 4. fxe5 Nxe4 5. Nf3 Nxc3 6. dxc3 Be7 7. Bf4 0-0 8. Qd2 f6 9. exf6 Bxf6 10. 0-0-0 c6 11. Bd3 Na6 12. Ng5 g6 13. h4 Bg4 14. h5 Bxh5 15. Nxh7 Rf7 16. Ng5 Bxg5 17. Bxg5 Qd6 18. Rdf1 Raf8 19. Bh6 Rxf1+ 20. Rxf1 Rxf1+ 21. Bxf1 Qe5 22. Be3 Kh7 23. Bxa7 Nc7 24. Bb8 Qe7 25. Bxc7 Qxc7 26. c4 dxc4 27. Bxc4 Qe7 28. Qf2 Kg7 29. Qd4+ Kh7 30. Kd2 Qg5+ 31. Kc3 Qe7 32. g4 b5 33. Bd3 c5 34. Qf4 Qe1+ 35. Kb3 c4+ 36. Bxc4 bxc4+ 37. Qxc4 Qe3+ 38. Kb4 Qe7+ 39. Kc3 Qe3+ 40. Kb4 Qe7+ 41. Kc3 Qe3+ 42. Kb4 Qe7+ 1/2-1/2

[Event "Pocos de Caldas op"]
[Site "Pocos de Caldas"]
[Date "2015.03.14"]
[Round "3"]
[White "Farias, Jose Nogueira de"]
[Black "De Oliveira, Carlos Frederico B"]
[Result "1-0"]
[WhiteElo "1922"]
[BlackElo "1515"]
[PlyCount "36"]
[EventDate "2015.03.13"]
[EventType "swiss"]
[EventRounds "6"]
[EventCountry "BRA"]
[SourceTitle "CBM 165 Extra"]
[Source "ChessBase"]
[SourceDate "2015.04.21"]
[SourceVersion "1"]
[SourceVersionDate "2015.04.21"]
[SourceQuality "1"]

1. d4 d5 2. c4 e6 3. Nc3 Nf6 4. Nf3 Be7 5. Bf4 c6 6. e3 0-0 7. Bd3 dxc4 8. Bxc4 Re8 9. 0-0 Nh5 10. Bg3 Nxg3 11. hxg3 c5 12. dxc5 Bxc5 13. Qc2 a6 14. Bd3 g6 15. Rad1 Qe7 16. Nd4 Ba7 17. Bc4 b5 18. Bb3 Bb7 1-0